000 01487nam a2200337 c 4500
003 BLK
005 20231228162555.0
008 180411b bul|||||r ||||||| ||bul||
010 _aKNG00191378000
040 _aBLK
041 _aBUL
_cBUL
080 _aНемска литература
_b821.112.2
_x(081)
_z821.112.2(081)
080 _aНемска литература
_b821.112.2
_x-2
_z821.112.2-2
100 1 _aГьоте, Йохан Волфганг
_eпърви автор
_9323081
700 1 _aСтанчев, Стефан Иванов
_eподб., предг. и бел.
_9366081
700 _aБерберов, Тодор Йончев
_9255900
139 _aГьоте, Йохан Волфганг
_bГ 97
245 1 0 _aИзбрани творби в 8 тома
_cЙохан Волфганг Гьоте; подб., предг. и бел. Стефан Иванов Станчев; прев. от нем. Тодор Берберов.
_nТ. 2
_pДрами
257 _aDEU
260 София
_bНар. култура
_c1980 -
_fВ. Търново : Д. Найденов
300 _c21 см
380 _aX
500 _a40 125 тир.
760 1 _aГьоте, Йохан Волфганг
_d1980
_h687 с.
_tТ. 2 Драми
852 _aЦб 103886
856 4 _qpdf
_u
856 4 _qpdf
_u
942 _cKNG
_n0
_01
944 _aCR
_c04.10.2016
_k30560
_lГеновева Генчева
944 _aED
_c04.10.2016
_kРадостина_Карадакова
999 _c182454
_d182454